La inversión bursátil (Registro nro. 5471)
[ vista simple ]
| 000 -LEADER | |
|---|---|
| fixed length control field | 01428 a2200193 4500 |
| 001 - CONTROL NUMBER | |
| control field | 54302 |
| 005 - DATE AND TIME OF LATEST TRANSACTION | |
| control field | 20260407155814.0 |
| 008 - FIXED-LENGTH DATA ELEMENTS--GENERAL INFORMATION | |
| fixed length control field | 260407a1962 arg spa d |
| 003 - CONTROL NUMBER IDENTIFIER | |
| control field | AR-UNSa-BCEJYS |
| 040 ## - CATALOGING SOURCE | |
| Original cataloging agency | AR-UNSa-BCEJYS |
| Language of cataloging | spa |
| Transcribing agency | AR-UNSa-BCEJYS |
| 080 ## - UNIVERSAL DECIMAL CLASSIFICATION NUMBER | |
| Universal Decimal Classification number | 330.32 |
| Common auxiliary subdivision | Nueva formación de capital (Inversión) |
| 100 1# - MAIN ENTRY--PERSONAL NAME | |
| Personal name | Alemann, Juan E. |
| 245 10 - TITLE STATEMENT | |
| Title | La inversión bursátil |
| 264 #1 - PRODUCTION, PUBLICATION, DISTRIBUTION, MANUFACTURE, AND COPYRIGHT NOTICE | |
| Place of production, publication, distribution, manufacture | Buenos Aires : |
| Name of producer, publisher, distributor, manufacturer | Selección Contable |
| Date of production, publication, distribution, manufacture, or copyright notice | 1962 |
| 300 ## - PHYSICAL DESCRIPTION | |
| Extent | 188 p. |
| Dimensions | 23 cm. |
| 505 ## - FORMATTED CONTENTS NOTE | |
| Formatted contents note | 1. La sociedad anónima - 2. Tipos de acciones - 3. La organización del mercado de valores - 4. El mecanismo de la operación bursátil - 5. Operaciones a término, de pase y de caución - 6. el cálculo del rendimiento - 7. La emisión de acciones - 8. Operaciones de arbitraje - 9. El análisis de la ganancia - 10. acciones de crecimiento - 11. El análisisi de la empresa - 12. Indices bursátiles - 13. El cálculo de la utilidad total de la inversión en acciones - 14. La Bolsa y el desarrollo económico - 15. Las fluctuaciones en las cotizaciones bursátiles - 16. Inversión, especulación y juego - 17. Técnica de la inversión bursátil - 18. Reglas generales para el inversor - 19. Criterios de valuación de acciones - 20. Fondos comunes de inversión - 21. El tratamiento impositivo de la inversión bursátil - 22. La significación económica del Mercado de Valores |
| 590 ## - LOCAL NOTE (RLIN) | |
| Local note | niveau_biblio:m niveau_hierar:0 |
| 942 ## - ADDED ENTRY ELEMENTS (KOHA) | |
| Koha item type | |
| Withdrawn status | Lost status | Damaged status | Not for loan | Home library | Current library | Shelving location | Date acquired | Total checkouts | Full call number | Barcode | Date last seen | Price effective from | Koha item type |
|---|---|---|---|---|---|---|---|---|---|---|---|---|---|
| Biblioteca Prof. Eusebio Cleto del Rey | Biblioteca Prof. Eusebio Cleto del Rey | 07/04/2026 | 330.32 A367 | L21085 | 07/04/2026 | 07/04/2026 | Libro |